[Event "Mordechay Porat Memorial"]
[Site "Rehovot"]
[Date "2001.11.24"]
[Round "5"]
[White "Finkel, Alexander"]
[Black "Mikhalevski, Alexander"]
[Result "1-0"]
[WhiteElo "2485"]
[BlackElo "2439"]
[Annotator "Finkel,A"]
[PlyCount "87"]
[EventDate "2001.11.23"]
[EventType "swiss"]
[EventRounds "5"]
[EventCountry "ISR"]
[SourceTitle "CBM 086"]
[Source "ChessBase"]
[SourceDate "2002.02.05"]
[SourceVersion "1"]
[SourceVersionDate "2002.02.05"]
[SourceQuality "1"]

1. e4 e5 2. Nc3 Nf6 3. g3 d5 4. exd5 Nxd5 5. Bg2 Nxc3 6. bxc3 Nc6 7. Nf3 Bc5 $5
{On my opinion this move is better than theoretical Bd6, which leaves more
possibilities to white.} 8. O-O O-O 9. Re1 Qf6 (9... Re8 10. d4 (10. d3 Bg4 11.
h3 Bh5 12. g4 Bg6 13. Ng5 Bb6 14. Rb1 h6 15. Ne4 Ne7 $132 {Glek,I-Almasi,Z/
Germany 1996/GER-chT}) 10... exd4 11. Rxe8+ Qxe8 12. cxd4 Bb6 13. Qd3 Bg4 14.
Ng5 (14. c3 Qd7 15. Bf4 Re8 16. Re1 Rxe1+ 17. Nxe1 Qe6 $15 {Glek,I-Almasi,Z/
Germany 1995/GER-chT}) 14... Qe1+ 15. Bf1 g6 16. Bb2 Qe7 17. h4 $14 {Delchev,
A-Almasi,Z/Odorheiu Secuiesc 1995/CBM 47}) 10. d3 (10. Bb2 Bg4 11. h3 Bh5 12.
g4 (12. Qe2 Rae8 13. d3 Re6 14. g4 Bg6 15. Nd2 Qh4 16. a4 h5 $15 {Tseitlin,
M-Hebden,M/Hastings 1995/EXT 98}) 12... Bg6 13. d4 exd4 14. cxd4 Rad8 15. c3
Bd6 16. Qb3 $14 {Ornstein,P-Potikha,L/Aviles 2000/CBM 77 ext}) (10. Qe2 Bg4 11.
h3 Bh5 12. Rb1 e4 13. Qxe4 Rae8 14. Qf4 Qxf4 15. gxf4 Bxf3 16. Rxe8 Rxe8 17.
Bxf3 Re1+ $44 {Berkvens,J-Ernst,S/Leiden 1999/CBM 70 ext}) 10... Re8 (10... Bb6
11. Qe2 Be6 12. Bg5 Qg6 13. Be3 f6 14. d4 $14 {Bates,R-Ledger,A/Torquay 1998/
CBM 66 ext}) (10... Bg4 11. h3 Bh5 12. Rb1 Bb6 13. Qe2 $6 Rfe8 14. Qe4 Bg6 15.
Qh4 Qe6 $15 {Remmel,T-Ernst,S/Haarlem 2000/EXT 2001}) (10... h6 11. Rb1 (11.
Bb2 Bg4 12. h3 Bh5 13. Qe2 Rae8 14. g4 Bg6 15. Nd2 Qh4 16. a4 f5 $17 {[%csl
Rf2] Marcelin,C-Hebden,M/France 1999/EXT 2000}) (11. Qe2 Re8 12. h3 Bf5 13. Nd2
Qe6 14. Ne4 Bb6 15. Kh2 Bg6 $13 {Nebolsina,V-Lahno,K/Oropesa del Mar 2000/EXT
2001}) 11... Bb6 12. Be3 (12. h3 Be6 13. c4 Rad8 14. Qe2 Ba5 15. Bd2 Bxd2 16.
Nxd2 Nd4 $11 {Quezada,Y-Hernandez,H/Cuba 2000/EXT 2001}) (12. Qe2 Bd7 13. Nd2
Rfe8 14. Ne4 Qg6 15. Ba3 Bg4 16. Qd2 Rad8 17. Nc5 Bc8 18. Na4 Be6 19. Nc5 Bc8
20. Na4 Be6 21. Nc5 $13 {1/2-1/2 Waitzkin,J-Mikhalevski,A/Budapest 1997/CBM 61
ext (21)}) 12... Bg4 13. h3 Bh5 14. g4 Bg6 15. Nd2 Rad8 16. Ne4 Qe7 17. c4 {
1/2-1/2 Rabelo Gil,E-Bezanilla,A/Havana 1999/EXT 2000 (17)}) 11. Be3 {The only
reasonable plan for white is to transfer d4, so white has to exchange the
bishops.} Bxe3 {May be even beter was} (11... Bb6 $5) 12. Rxe3 Bd7 (12... Bg4
13. h3 Bd7 (13... Bh5 14. Qe1 Rad8 15. Nd2 $14 {[%csl Re5][%cal Gd2c4]}) 14.
Qe2 Qd6 15. Re1 f6 16. d4 $14) 13. d4 exd4 (13... Rad8) 14. cxd4 Rxe3 15. fxe3
Re8 (15... Bg4 16. Qd3 $1 {[%cal Ga1f1]} Bxf3 17. Rf1 Qe6 18. Bxf3 Qxa2 19. Qb5
$1 $16 {[%csl Rb7][%cal Gf3d5]}) 16. Qd3 $1 {[%cal Ga1f1,Gd3b3]} Bf5 17. Qb3
Be4 18. Rf1 Qe6 (18... Qe7 19. c4 (19. Ne5 $2 Bxg2 20. Rxf7 Qe6 21. Qxe6 Rxe6
$19) (19. Ng5 $2 Bg6 20. Bd5 Nd8 $17 {[%csl Re3,Rg5]}) 19... b6 20. a3 h6 $13)
19. Qxe6 Rxe6 $2 {Only this move is mistake permitting white to get advantage.
After correct} (19... fxe6 20. c3 e5 21. Kf2 exd4 22. exd4 b6 $11 {the
position would remain balanced.}) 20. Rb1 $1 $14 {[%cal Gf3g5]} Re8 $8 {
Black finds the only move which keeps position alive.} (20... Rf6 $2 21. Rxb7
Bxf3 22. Bxf3 Rxf3 23. Rxc7 $18 {[%csl Rg8]}) (20... Bxf3 21. Bxf3 Nd8 22. Bxb7
Rxe3 23. Bd5 Re8 24. Rb8 Kf8 25. Ra8 $16) (20... Na5 21. Ng5 Bxc2 22. Rc1 Rg6
23. Rxc2 Rxg5 24. Rxc7 g6 25. d5 $16 {[%cal Gd5d8]}) 21. Rxb7 Nxd4 22. Nxd4
Bxb7 23. Bxb7 Rxe3 24. Kf2 $1 Re5 $5 (24... Rc3 $5 25. Be4 Ra3 26. Bd5 Kf8 27.
Bb3 Ra6 $14) 25. a4 $1 {[%csl Ra7,Rc7][%cal Gd4b5]} Kf8 26. c4 c5 $2 {Missing
very interesting possibility to get counterchanses:} (26... Rc5 $1 27. Bd5 Ra5
28. Bc6 Rc5 $1 29. Bb5 c6 $1 30. Bxc6 (30. Nxc6 a6 31. Nb8 Rf5+ 32. Ke3 axb5
$13) 30... Rxc4 31. Ke3 Ke7 $132) 27. Nc6 $18 {[%csl Ra7]} Re4 28. a5 Rxc4 29.
a6 Rc2+ 30. Ke3 Rxh2 31. Nxa7 f5 32. Kf4 $6 {I was trying too hard not to get
B+N versus king endgme and doing so lost all the advantage. After simple} (32.
Nc6 g5 33. a7 f4+ 34. gxf4 gxf4+ 35. Kxf4 Ra2 36. a8=Q+ Rxa8 37. Bxa8 $18 {
the game is over.}) 32... c4 33. Nb5 (33. Nc6 Ra2 34. a7 c3 35. Ke3 $18) 33...
Ra2 34. Kxf5 $2 (34. a7) 34... Ra5 35. a7 Rxb5+ $5 {This move also leads to a
draw, but even simplier was} (35... c3 $1 36. a8=Q+ Rxa8 37. Nxc3 $11) 36. Ke6
(36. Ke4 $5 Ra5 37. a8=Q+ Rxa8 38. Bxa8 c3 (38... h5 39. Kf4 c3 40. Be4 $18)
39. Kd3 h5 40. Bf3 g6 (40... h4 $6 41. g4 Kf7 42. Kxc3 Kf6 43. Kd3 Kg5 44. Ke3
h3 45. Kf2 Kf4 46. Bd1 g5 47. Be2 h2 48. Kg2 Ke3 49. Bb5 $18) 41. Kxc3 Kg7 42.
Kd4 Kf6 43. Ke4 Kg5 44. Ke3 Kh6 $11 {[%cal Gg6g4,Gh5h4]}) 36... Ra5 37. a8=Q+
Rxa8 38. Bxa8 c3 39. Be4 h5 $1 40. Kf5 h4 $11 41. gxh4 (41. g4 $2 h3 42. Kf4 h2
43. Ke3 Ke7 44. Kd3 Kf6 45. Kxc3 Kg5 46. Kd3 Kxg4 47. Ke2 $11) 41... g6+ 42.
Kf6 Kg8 43. Bc2 Kh7 $4 {Painfull blunder which costs black a game.} (43... Kh8
$1 44. Kf7 Kh7 45. h5 Kh8 $11) 44. h5 1-0

[Event "RUS-Cup Final"]
[Site "Sochi"]
[Date "1997.09.26"]
[Round "9"]
[White "Voitsekhovsky, Stanislav"]
[Black "Yandemirov, Valeri"]
[Result "1-0"]
[WhiteElo "2480"]
[BlackElo "2500"]
[Annotator "Finkel,A"]
[PlyCount "115"]
[EventDate "1997.09.17"]
[EventType "tourn"]
[EventRounds "11"]
[EventCountry "RUS"]
[EventCategory "13"]
[SourceTitle "CBM 062"]
[Source "ChessBase"]
[SourceDate "1998.01.31"]
[SourceVersion "1"]
[SourceVersionDate "1998.01.31"]
[SourceQuality "1"]

1. e4 e5 2. Nc3 Nf6 3. g3 d5 4. exd5 Nxd5 5. Bg2 Nxc3 6. bxc3 Bd6 7. Nf3 O-O 8.
O-O Nc6 9. Rb1 (9. d4 Re8 $5 10. Rb1 $5 Rb8 11. Be3 Bg4 12. h3 Bh5 13. g4 Bg6
14. dxe5 $1 (14. d5 $5 Na5 $1 15. Bxa7 Ra8 16. Be3 Nc4 17. Rxb7 Rxa2 $44) 14...
Nxe5 15. Nxe5 Rxe5 16. Bxa7 Ra8 17. f4 Re8 18. Bd4 (18. Rxb7 $5 Rxa7 19. Rxa7
Bc5+ 20. Kh1 Bxa7 21. f5 $14) 18... Be4 19. Bxe4 Rxe4 20. Qf3 $1 $14 {Finkel,
A-Pedersen,D/Holon EUR-Jr 1995 (29)}) 9... Rb8 10. d4 Bg4 (10... exd4 $6 11.
cxd4 Bg4 (11... Bf5 12. Nh4 $5 Bd7 13. c3 (13. c4 $14) 13... Be7 14. Nf3 Bf6
15. Re1 Re8 16. Bf4 $6 (16. Rxe8+ Qxe8 17. Bg5 Bf5 18. Rb2 $14) 16... Rxe1+ 17.
Qxe1 b6 18. Rb2 Na5 $132 {Messa,R-Pederzoli,S/Reggio Emilia 1978 (40)}) 12. h3
Bh5 13. Rb5 $5 Bg6 14. Nh4 $5 Bxc2 $5 15. Qxc2 Nxd4 16. Qc4 Nxb5 17. Qxb5 Re8
18. Rd1 $13 {Moors,H-Mainka,G/BL2-W 1988 (33)}) 11. Qd3 (11. h3 $5 Bxf3 (11...
Bh5 $5) 12. Bxf3 $14 Qf6 13. Be3 Na5 14. Bg2 b6 15. h4 h6 16. Qd3 $36 {Watson,
W-Polgar,Z/Brussels mix 1987/1-0 (56)}) 11... Qf6 (11... Qc8 12. Ng5 $5 Bf5 13.
Be4 g6 (13... Bg6 $2 14. Bxg6 $1 hxg6 15. Qe4 $1 $16) (13... Ne7 14. Re1 exd4
15. cxd4 $14) 14. f4 exd4 15. cxd4 Re8 16. Rb5 $5 Bxe4 17. Nxe4 Qe6 18. Nxd6
Qxd6 19. d5 $36 {Spassky-Tampone,1979,1-0}) 12. Ng5 Bf5 (12... Qg6 $5 13. Be4
$5 Qh5 (13... f5 $6 14. Bxc6 $1 bxc6 15. Qc4+ Kh8 16. Rxb8 Rxb8 17. Nf7+ $18)
14. Bxc6 $1 (14. f3 $2 Bd7 15. g4 (15. d5 Ne7 16. Bxh7+ Kh8 17. c4 $6 f6 $17)
15... Qh4 16. d5 Ne7 17. Bxh7+ Kh8 18. Be4 g6 $36 {[%cal Gf7f5,Ge5e4]}) 14...
bxc6 15. Rxb8 Rxb8 16. f3 $1 Bd7 $6 (16... Bh3 $1 17. Nxh3 (17. Re1 exd4 18.
cxd4 c5 $13) 17... Qxh3 18. Re1 exd4 19. cxd4 $14) 17. dxe5 Bc5+ 18. Kg2 $16)
13. Be4 Bxe4 $5 (13... Bg6 $5 14. d5 Na5 15. c4 b6 16. Bxg6 Qxg6 17. Re1 Nb7
18. Qxg6 hxg6 $13) 14. Nxe4 Qg6 15. f4 exd4 (15... exf4 $5 16. Bxf4 $5 (16.
Nxd6 Qxd6 17. Bxf4 Qd7 18. d5 Ne7 19. c4 b6 $13) 16... Bxf4 17. Rxf4 b6 18.
Rbf1 Rbe8 19. Qf3 Re6 20. Rg4 Qh6 21. Nf6+ Kh8 22. Nd5 $14) 16. f5 $1 {[%csl
Rg6]} Qg4 17. Bf4 $5 $36 (17. Nxd6 cxd6 18. Rf4 Qg5 19. cxd4 (19. Rxd4 $6 Qe7
20. Rxd6 Qe1+ 21. Qf1 Qxc3 22. Rd7 Qxc2 $15) 19... Qf6 20. Ba3 Rfe8 $132) 17...
Rfe8 (17... Ne5 $6 18. Bxe5 Bxe5 19. cxd4 Rbd8 20. c3 b6 21. Rbe1 $1 $16) (
17... Be5 $1) 18. Rbe1 dxc3 $5 (18... Be5 $5 19. Kg2 Rbd8 20. h3 Qxf5 (20...
Qh5 $2 21. g4 Qh4 22. Bg5 $18) 21. Bg5 Qg6 22. Bxd8 Rxd8 $13) 19. Kg2 Nb4 20.
Qb5 $1 Nxc2 $2 {As strange as it seems,but after this natural move black's
position is hopeless.} (20... c6 $1 21. Qa4 $6 (21. Qc4 b5 22. Qxc3 $1 (22. Qd4
$2 Nxc2 23. Qxd6 Nxe1+ 24. Rxe1 Qxf5 $19) 22... Nd5 23. Qxc6 $1 Nxf4+ 24. Rxf4
Bxf4 25. Nf6+ $1 gxf6 26. Rxe8+ Rxe8 27. Qxe8+ Kg7 28. Qe4 $11) 21... b5 22.
Qxa7 (22. Qb3 Rxe4 23. Rxe4 Nd5 $1 $19) 22... Bxf4 23. Rxf4 Qh5 24. Nd6 $5 Nxc2
$3 25. Rxe8+ Rxe8 26. Nxe8 Qe2+ 27. Qf2 (27. Kh3 Ne3 $19) 27... Ne3+ 28. Kh3
Qxf2 29. Rxf2 c2 $17) 21. Nf6+ $1 $16 gxf6 22. Rxe8+ Rxe8 23. Qxe8+ Kg7 24. h3
$1 {Black queen is completly out of the game and this decides game into
white's favour.} Qh5 25. g4 Qh4 26. Bxd6 cxd6 27. Qe4 Na3 28. Qb4 Qg5 29. Qxc3
$1 $18 {This move depriving black counterchances is better than} (29. Qxa3 Qd2+
30. Rf2 Qd5+ 31. Kg3 Qe5+ 32. Kf3 Qd5+ 33. Ke3 Qe5+ 34. Kd3 Qg3+ 35. Ke2 $18 {
with some technical difficulties.}) 29... Nb5 30. Qd3 a6 31. Kg3 h5 32. Re1 h4+
33. Kf3 Qh6 34. a4 Na7 35. Qxd6 Nc6 36. Re8 Kh7 37. Qf8 $1 Qxf8 38. Rxf8 Kg7
39. Rc8 Ne5+ 40. Ke4 b5 41. axb5 axb5 42. Rb8 Nd7 43. Rxb5 Nf8 44. Kd5 Nh7 45.
Kd6 Ng5 {Trying to build the fortress,but the endgame is easily wining for
white due to zugzvang.} 46. Rb3 Kf8 47. Re3 Nh7 48. Kd7 Ng5 49. Kd8 Kg7 (49...
Nh7 50. Re8+ Kg7 51. Ke7 Ng5 52. Rf8 Nxh3 53. Rxf7+ $18) 50. Ke7 Nh7 51. Ra3
Ng5 52. Rc3 Ne4 53. Rc6 Ng5 54. Rxf6 Nxh3 55. Rxf7+ Kh6 56. Rf6+ Kh7 57. Rg6
Nf4 58. Kf7 1-0

[Event "Israel"]
[Site "Israel"]
[Date "2001.12.01"]
[Round "6"]
[White "Finkel, Alexander"]
[Black "Postny, Evgeny"]
[Result "1-0"]
[WhiteElo "2485"]
[BlackElo "2486"]
[Annotator "Finkel,A"]
[PlyCount "79"]
[EventDate "2001.??.??"]
[EventType "game"]
[EventRounds "1"]
[EventCountry "ISR"]
[SourceTitle "CBM 086"]
[Source "ChessBase"]
[SourceDate "2002.02.05"]
[SourceVersion "1"]
[SourceVersionDate "2002.02.05"]
[SourceQuality "1"]

1. e4 e5 2. Nf3 Nc6 3. Nc3 Nf6 4. g3 d5 5. exd5 Nxd5 6. Bg2 Nde7 $5 {
Interesting continuation changing drastically the character of the game.} 7.
O-O g6 8. d4 $5 {Otherwise black gets a very comfortable position without any
problems.} exd4 (8... Nxd4 9. Nxd4 exd4 10. Nb5 Bg7 11. Bf4 O-O 12. Nxc7 Rb8
13. Ne8 $16 {[%cal Gf4b8]}) 9. Nb5 Bg7 ({Another possible continuation was} 
9... Bg4 10. Nbxd4 Nxd4 11. Qxd4 Qxd4 12. Nxd4 O-O-O 13. Bg5 Bg7 $13) 10. Bf4
Nd5 11. Re1+ Be6 (11... Nce7 $5 12. Be5 Bxe5 13. Nxe5 O-O 14. Qxd4 c6 15. c4
$14) 12. Bg5 Nde7 (12... Qd7 $6 13. Nfxd4 Nxd4 14. Nxd4 O-O 15. Nxe6 fxe6 16.
Bh3 $16 {[%cal Gc2c4]}) 13. Bxe7 Qxe7 (13... Nxe7 14. Nfxd4 Bc8 15. Qe2 {
[%cal Ge1e7]} O-O 16. Qxe7 Bxd4 17. Qxd8 Rxd8 18. Rad1 $18) 14. Nfxd4 Nxd4 (
14... O-O-O 15. Nxc6 Rxd1 16. Nxe7+ Kd7 17. Raxd1+ Kxe7 18. Nxc7 $16 {[%cal
Ge1e7]}) 15. Nxd4 O-O-O $2 {Missing white's reply. After correct} (15... Rd8 $1
16. Nxe6 fxe6 (16... Rxd1 17. Nxg7+ Kf8 18. Raxd1 Qc5 19. Ne8 $18) 17. Qg4 O-O
$132 {[%cal Gd8d2] black gets good counterchanses.}) 16. Bxb7+ $1 $18 Kxb7 17.
Qf3+ Bd5 {Unfortunately black has no other choise since} (17... Kc8 18. Qa8+
Kd7 19. Qc6+ Kc8 20. Qa6+ Kd7 21. Qb5+ $1 Kc8 22. Nc6 $18 {[%cal Gc6e7,Gc6a7]
is losing by force.}) 18. Rxe7 Bxf3 19. Nxf3 Rhf8 20. Rae1 Kc6 (20... Bxb2 $4
21. Rb1 $18) 21. c3 Rd7 22. Ne5+ Bxe5 23. Rxd7 Kxd7 24. Rxe5 Kc6 25. Kf1 Rd8
26. Ke2 Rd7 27. g4 $5 Kd6 28. Ra5 $1 {[%csl Ra7]} c5 29. Kd3 Kc6+ 30. Kc4 Rd2
31. Ra6+ $1 (31. Rxc5+ $6 Kb6 32. a4 Rxf2 33. a5+ Kb7 34. b4 Rxh2 35. Re5 $16)
31... Kb7 32. Rf6 $1 {[%csl Gf2]} Rxb2 33. a4 Re2 34. Kxc5 (34. Rxf7+ Kb6 35.
Rf6+ Ka5 36. Kxc5 Kxa4 37. Ra6+ Kb3 38. Rxa7 Kxc3 39. Rxh7 Rxf2 40. Kd5 $18)
34... Re7 35. c4 Kc7 36. f3 Rd7 37. Kb5 Kd8 38. c5 Kc7 39. a5 Re7 40. h4 1-0

[Event "EU-Cup 17th"]
[Site "Panormo"]
[Date "2001.09.28"]
[Round "6.5"]
[White "Finkel, Alexander"]
[Black "Krasenkow, Michal"]
[Result "1/2-1/2"]
[WhiteElo "2485"]
[BlackElo "2573"]
[Annotator "Finkel,A"]
[PlyCount "57"]
[EventDate "2001.09.22"]
[EventType "team-swiss"]
[EventRounds "7"]
[EventCountry "GRE"]
[SourceTitle "CBM 084 Extra"]
[Source "ChessBase"]
[SourceDate "2001.10.26"]
[SourceVersion "1"]
[SourceVersionDate "2001.10.26"]
[SourceQuality "1"]
[WhiteTeam "Tel Aviv Shlomo Har Zvi"]
[BlackTeam "Warsaw Polonia"]
[WhiteTeamCountry "ISR"]
[BlackTeamCountry "POL"]

1. e4 e5 2. Nc3 Nf6 3. g3 d5 4. exd5 Nxd5 5. Bg2 Nxc3 6. bxc3 Bd6 7. Nf3 Nc6 8.
O-O O-O 9. d4 (9. d3 Bg4 10. Qd2 (10. h3 Bh5 11. Rb1 Rb8 12. g4 Bg6 13. Ng5 Qd7
14. Be3 b6 15. h4 $36 {Gallagher,J-Campora,D/Biel Credis 1996}) 10... f5 11.
Rb1 Rb8 12. Bb2 Kh8 13. c4 Qd7 14. Ba1 f4 $13 {Atakichieva,E-Yu,W/WCh U18
Girls 1999}) 9... Bf5 {Quiet rare move, but on my opinion much more logical
than theretical Bg4} (9... Bg4 10. Qd3 (10. h3 Bh5 11. g4 Bg6 12. dxe5 Nxe5 13.
Nd4 Bc5 14. f4 f6 15. Bxb7 Rb8 16. Bg2 $16 {Finkel,A-Markus,J/Dieren op 1997})
10... exd4 (10... Qf6 11. d5 Na5 12. Ng5 Bf5 13. Be4 Bxe4 14. Nxe4 Qg6 15. c4
f5 $13 {Hirsch,S-Hojka,C/NRW-I 1995}) 11. cxd4 Qd7 12. Ng5 Bf5 13. Be4 Bg6 14.
c3 Rae8 15. Bxg6 hxg6 16. Rb1 b6 $11 {Hirsch,S-Dresen,U/NRW-II 1994}) (9... Re8
10. Rb1 Rb8 11. Be3 Bg4 12. h3 Bh5 13. g4 Bg6 14. dxe5 Nxe5 15. Nxe5 Rxe5 16.
Bxa7 Ra8 17. f4 Re8 $13 {Finkel,A-Pedersen,D/EU-chJM U20 1995}) 10. Rb1 (10.
Re1 Re8 11. Rb1 exd4 12. Nxd4 Nxd4 13. cxd4 Rxe1+ 14. Qxe1 Qe8 $11 {Narciso
Dublan,M-Campora,D/TCh-ESP 2000}) 10... Rb8 11. Nxe5 $6 {Missing 18th move of
black, after which white has to be carefull in order to keep the position
equal.} (11. Nh4 Bd7 12. Be3 Qc8 13. Qd3 Kh8 14. f4 exf4 15. gxf4 Be7 16. Bf2
Bf6 17. Rfe1 Ne7 $13 {Klovans,J-Meijers,V/NRW-II 1996}) 11... Nxe5 (11... Bxe5
$6 12. Bxc6 (12. dxe5 $2 Qxd1 13. Rxd1 Bxc2 $17) 12... bxc6 13. Rxb8 Qxb8 14.
dxe5 $14) 12. dxe5 Bxe5 13. Qxd8 Rfxd8 14. Rb5 f6 15. f4 Bd7 $8 {Very
important intermideate move} (15... c6 16. Rc5 b6 17. fxe5 bxc5 18. Rxf5 Rd1+
19. Rf1 $16) 16. Rxb7 (16. Rb3 Bd6 17. Rxb7 Bc5+ 18. Kh1 Rxb7 19. Bxb7 Bf5 $15)
16... Rxb7 17. Bd5+ $1 Kh8 (17... Kf8 18. fxe5 Rb5 19. c4 Ra5 20. Bd2 Ra4 21.
exf6 $14) 18. Bxb7 Bb5 $1 {Very strong reply!} (18... Bxc3 $2 19. Rd1 Bb4 20.
Be3 a5 21. Bc6 Bd6 22. Bxd7 Rxd7 23. Rd5 $16 {[%csl Ra5]}) 19. Rf3 $8 {The
only, but quiet sufficient defense.} (19. fxe5 $2 Bxf1 20. exf6 (20. Kxf1 Rd1+
21. Ke2 Rxc1 22. e6 Kg8 $19) 20... gxf6 21. Be3 Bc4 $17) (19. Rf2 Bxc3 20. Be3
Rd1+ 21. Kg2 Be1 22. Rf3 Be2 $15 {[%csl Rf3]}) 19... Rd1+ 20. Kg2 Bd6 (20...
Rxc1 $5 21. fxe5 Rxc2+ 22. Kg1 (22. Rf2 Rxc3 (22... Rxf2+ 23. Kxf2 fxe5 24. Ke3
Bc4 25. a3 Bf1 26. Bd5 $11 {[%csl Re5][%cal Ge3e4]}) 23. exf6 gxf6 24. Rxf6 Kg7
25. Rf3 $11) 22... Rxa2 23. exf6 gxf6 24. Rxf6 Kg7 25. Rf5 $1 $11 {[%csl Rc7]
[%cal Gf5c5]}) 21. Be3 a5 22. Rf2 Bc4 ({Also after} 22... a4 23. Rd2 $1 Rxd2+
24. Bxd2 Bc4 25. a3 $1 Bxa3 26. Bc6 $14 {white is doing o'kay}) 23. a4 Kg8 {
[%csl Ra4][%cal Gg8f8,Gc4f7,Gf7e8]} 24. Rd2 Ra1 (24... Rxd2+ 25. Bxd2 Kf7 26.
f5 Ke7 27. Kf3 Be5 $11) 25. Bc6 Ra3 26. Bb6 $6 (26. Bd4 $5 Kf8 27. h3 Bf7 {
[%cal Gf7e8]} 28. Re2 $14) 26... Rxc3 (26... cxb6 27. Rxd6 Rxc3 28. Be4 $6 (28.
Bb5 Rxc2+ 29. Kh3 (29. Kg1 $2 Bxb5 30. axb5 a4 31. Rxb6 a3 32. Ra6 a2 $19) (29.
Kf3 $5 Bxb5 30. axb5 Rxh2 31. Rxb6 a4 32. Ke4 a3 33. Kd5 $13) 29... Bxb5 30.
axb5 a4 31. Rxb6 a3 32. Ra6 a2 33. b6 $11) 28... b5 29. axb5 (29. Rc6 $2 {
[%csl Rc6]} Rxc2+ $1 $17) 29... Bxb5 30. Rd8+ Kf7 31. Bxh7 g6 $17 {[%cal Ga5a1]
}) 27. Bxa5 Bf1+ 28. Kxf1 Rxc6 29. c3 (29. c3 Ra6 30. Rd5 Kf8 (30... Kf7 31.
Bxc7 $1 $16) 31. c4 Ke7 32. Rb5 (32. c5 Bxf4 33. Bc3 Be5 34. Bxe5 Ke6 $1 $11)
32... Rc6 $11) 1/2-1/2

[Event "Interpolis-03"]
[Site "Tilburg"]
[Date "1979.11.02"]
[Round "2"]
[White "Sax, Gyula"]
[Black "Karpov, Anatoly"]
[Result "1/2-1/2"]
[WhiteElo "2590"]
[BlackElo "2705"]
[Annotator "Ftacnik,L"]
[PlyCount "105"]
[EventDate "1979.11.01"]
[EventType "tourn"]
[EventRounds "11"]
[EventCountry "NED"]
[EventCategory "15"]
[SourceTitle "MCL"]
[Source "ChessBase"]
[SourceDate "1999.07.01"]
[SourceVersion "1"]
[SourceVersionDate "1999.07.01"]
[SourceQuality "1"]

1. e4 e5 2. Nf3 Nc6 3. Nc3 Nf6 4. d4 exd4 5. Nd5 Be7 (5... Nxe4 6. Qe2 f5 7.
Ng5 d3 8. cxd3 Nd4 $13) 6. Nxd4 $6 (6. Bc4 O-O 7. O-O d6 (7... Nxe4 8. Re1 Nf6
9. Ng5 $5 Nxd5 10. Nxf7 $13) 8. Nxd4 Nxd4 9. Qxd4 Nxd5 10. Bxd5 Bf6 11. Qd3 a5
12. a4 c6 {/\Be6=} (12... Qe7 13. c3 c6 14. Bb3 $14 {Traikovic-Stieg,corr 1967}
)) (6. Bb5 d6 7. Nxd4 Bd7 8. O-O Nxd5 9. exd5 Nxd4 $10 {Sefc-Szabo,Trencanske
Teplice 1949}) 6... Nxd5 (6... O-O $6 7. Nb5 Nxd5 8. exd5 Re8 9. Be2 (9. dxc6
Bb4#) 9... Ne5 10. d6 $16) 7. exd5 Nxd4 8. Qxd4 O-O $15 9. Be2 Bf6 10. Qd1 (10.
Qd3 Re8 {Tal-Saigin/Riga/1954} (10... d6 {Liska-Florian/Ostrava/1957})) 10...
d6 11. O-O Bf5 12. Bd3 Qd7 13. c3 Rfe8 14. a4 (14. Qf3 Bg4 15. Qg3 Be2 $17)
14... Be4 (14... Bxd3 15. Qxd3 Re7 16. Qb5 $10) (14... Re5 15. Bxf5 (15. Bb5 c6
16. Bc4 Rae8 17. Be3 Be4 $36) (15. Bc4 $142) 15... Qxf5 16. c4 Rae8 $36) 15.
Bxe4 (15. Bc4 Qf5 $17) 15... Rxe4 16. Qb3 c5 $1 17. dxc6 bxc6 18. Be3 Rae8 19.
Rad1 (19. a5 a6 20. Qb6 Qc8 $1 {/\21... d5}) 19... d5 20. Qc2 $6 (20. Rd3 Be5
21. Qd1 $15) 20... Be5 $15 21. Rd3 h5 22. Qd1 g6 (22... h4 $143 23. Bc5) 23. b3
(23. b4 $5) 23... Bb8 24. Qf3 $6 (24. Rd4 $142) 24... Rh4 $1 25. g3 Qh3 26. Qg2
Qf5 $1 27. Rfd1 Rhe4 28. b4 $5 (28. h3) 28... h4 29. b5 (29. Kh1 hxg3 30. hxg3
Bxg3 31. Qxg3 Qh5+ 32. Kg2 Rg4 $19) 29... hxg3 30. hxg3 Bxg3 $1 31. bxc6 Be5 (
31... Bc7 32. Rxd5 Qe6 33. R5d4 $10) 32. Kf1 Qf6 (32... Bxc3 33. c7 (33. Rxd5
$2 Rxe3 $19)) 33. c4 $1 Bc7 (33... Bb8 $5) 34. Bxa7 (34. Qg5 Qxg5 35. Bxg5 Rxc4
36. Rxd5 Rxc6 {+/-/+-}) 34... dxc4 35. Bd4 $1 Qxc6 (35... Qd8 $5 36. Re3 $1 (
36. R3d2 Qh4 $16) (36. Qh1 Rh4 37. Rh3 Rxd4 $1 38. Rh8+ Kg7 39. Qh6+ Kf6 40.
Rxd4 Rxh8 $1 $19) 36... Rxe3 37. fxe3 Rxe3 38. Kf2 $1 Rd3 (38... Ra3 39. Qe4 $1
) 39. Rxd3 cxd3 40. Ke3 Qe7+ 41. Kxd3 Qa3+ 42. Bc3 Be5 (42... Qxa4 43. Qd5) 43.
Qb2 $10) 36. Rh3 Be5 37. Re3 $1 (37. Bxe5 R8xe5 38. Qh1) 37... Bg7 38. Bxg7
Kxg7 39. Rd4 f5 40. Qf3 R8e5 (40... Qxa4 41. Rdxe4 Rxe4 42. Rxe4 fxe4 43. Qxe4
Kf6) 41. Rexe4 Rxe4 42. Rxe4 fxe4 43. Qc3+ $10 Kf7 44. a5 Ke6 45. Ke2 Kd5 46.
Qb4 c3 47. Kd1 g5 48. Qb3+ Kd6 (48... Kd4 49. Qb6+) 49. Kc2 g4 50. Qf7 (50.
Qxc3 $2 Qxc3+ 51. Kxc3 e3 $19) 50... Qa4+ 51. Kxc3 Qa3+ 52. Kd2 Qxa5+ 53. Ke3
1/2-1/2

[Event "Berliner Sommer 08th"]
[Site "Berlin"]
[Date "1990.08.??"]
[Round "9"]
[White "Glek, Igor Vladimirovich"]
[Black "Zolnierowicz, Krzysztof"]
[Result "1/2-1/2"]
[WhiteElo "2540"]
[BlackElo "2400"]
[Annotator "Glek,I"]
[PlyCount "40"]
[EventDate "1990.08.11"]
[EventType "swiss"]
[EventRounds "9"]
[EventCountry "GER"]
[SourceTitle "EXT 1997"]
[Source "ChessBase"]
[SourceDate "1996.11.15"]
[SourceVersion "1"]
[SourceVersionDate "1996.11.15"]
[SourceQuality "1"]

1. e4 e5 2. Nf3 Nc6 3. Nc3 Nf6 4. g3 d5 5. exd5 Nxd5 6. Bg2 Nxc3 7. bxc3 Bd6 8.
O-O O-O 9. Rb1 Rb8 10. d4 h6 11. Nd2 Bf5 12. Nc4 Qf6 13. Ne3 Bh7 $1 14. Bb2
Rfd8 15. d5 ({Interessant ist} 15. Ba1 $5 {ohne die Bauernstruktur festzulegen}
) 15... Na5 16. c4 b6 17. Re1 Re8 18. Bc3 Qd8 19. Qd2 Nb7 20. Ng4 f6 $13
1/2-1/2